| 000 | 00370cam a2200145ua 4500 | ||
|---|---|---|---|
| 041 |
_aeng _h |
||
| 082 |
_a824 _bHAZ/ED |
||
| 100 | _aHazlitt, Arnold . | ||
| 245 |
_aEdmund Burke: selections / _cArnold Hazlitt. _hTextual Documents |
||
| 260 |
_aCalcutta : _bOxford University Press , _c1962. |
||
| 300 | _a192 ; . | ||
| 504 | _a | ||
| 942 | _cBK | ||
| 999 |
_c11759 _d11759 |
||